| 000 | 00442nam a2200181Ia 4500 | ||
|---|---|---|---|
| 001 | 14233 | ||
| 003 | IN-NITTTR | ||
| 005 | 20251114233134.0 | ||
| 008 | 251113s9999||||xx |||||||||||||| ||eng|| | ||
| 040 | _beng | ||
| 040 | _cIN-NITTTR | ||
| 041 | _aeng | ||
| 082 | _a658.402 B581N | ||
| 100 | _aBlake, Robert R. | ||
| 245 | 4 |
_aThe new managerial grid / _cBlake, Robert R., Mouton, Jane S. |
|
| 700 | _a Mouton, Jane S. | ||
| 942 |
_2ddc _cBK |
||
| 999 |
_c16869 _d16869 |
||